Responses for Show #5855 - Friday, February 12, 2010

2010-A College Championship final game 2.

Contestants

[<< previous game]

Surya Sabhapathy, a senior from the University of Michigan (subtotal of $12,800)

Nick Yozamp, a junior from Washington University in St. Louis (subtotal of $20,000)

Ryan Stoffers, a sophomore from UCLA (subtotal of $14,800)

[next game >>]

Jeopardy! Round responses

OPERA
NFL LOGOS
MICROBIOLOGY MILESTONES
LET'S VISIT A MUSEUM
LITTLE LANDS
"O" NOUNS
    $200 1
William Tell

Nick
    $200 2
the (Indianapolis) Colts

Ryan
    $200 22
viruses

Ryan
    $200 17
Air Force One

Nick
    $200 7
(Nick: What are the Bahamas?)

Cuba

RyanNick
    $200 12
opponent

Nick
    $400 30
Madame Butterfly

Surya
    $400 3
the Cincinnati Bengals

Nick
    $400 23
Disease Control

Nick
    $400 18
the Rock and Roll Hall of Fame

Ryan
    $400 8
Belize

Nick
    $400 13
obstetrics

Surya
    $600 29
Carmen

Ryan
    $600 4
San Diego Chargers

Nick
    $600 24
penicillin

Ryan
    $600 19
America's Most Wanted

Nick
    $600 9
(Surya: What's Nepal?)

Bhutan

RyanSurya
    $600 14
observatory

Surya
    $800 28
Aida

Surya
    $800 5
Denver Broncos

Nick
    $1,000 25
smallpox

Ryan
    $800 20
the Parthenon

Ryan
    $800 10
Cyprus

Nick
    $800 15
octet

Surya
    $1000 27
The Marriage of Figaro

Surya
    $1000 6
(Ryan: Who are the Browns?)

the Chicago Bears

Ryan
Triple Stumper
    $1000 26
(Antonie) Leeuwenhoek

Nick
    $1000 21
Ming

Nick
    $1000 11
(Ryan: What is Syria?)

Jordan

RyanNick
    $1000 16
oligarchy

Surya

Scores at the first commercial break (after clue 15):

Ryan Nick Surya
-$1,000 $4,200 $1,200

Scores at the end of the Jeopardy! Round:

Ryan Nick Surya
$2,600 $7,400 $4,400

Double Jeopardy! Round responses

AFRICAN HISTORY
FRIGHT-FUL FILMS
FLOWERS & CANDY
MYTHOLOGY
YOU CAN QUOTE ME ON THAT
ONE B & 2 D's
(Alex: Each correct response will have [*] in it.)
    $400 2
oil

Nick
    $400 9
Paranormal Activity

Surya
    $400 30
bonbons

Surya
    $400 1
Oedipus

Nick
    $400 8
Princess Diana

Surya
    $400 18
the dashboard

Surya
    $800 3
Liberia

Surya
    $800 10
mad scientists

Ryan
    $800 29
(Alex: I fear you're overcomplicating this one. What is [*]?)

a daisy

Triple Stumper
    $800 4
Romulus & Remus

Ryan
    $800 14
(Andy) Warhol

Ryan
    $800 19
the bridesmaid

Nick
    $1200 20
(Surya: What are hippopotami?)
...
(Alex: The famous [*] of Tsavo, yes.)

lions

RyanSurya
    $1200 11
(Ryan: What is Halloween?)

Saw

RyanSurya
    $1200 28
nougat

Ryan
    $1200 5
the Minotaur

Ryan
    $1200 15
the problem

Ryan
    $3,000 21
(Ryan: What is... the... delibrium?)
(Alex: I sensed you were struggling with [*].)

bandwidth

Ryan
    $1600 23
the Red Sea

Ryan
    $1600 12
(Ryan: What is Room 408?)

Vacancy

Ryan
Triple Stumper
    $1600 27
a secret admirer

Triple Stumper
    $1600 6
Icarus

Ryan
    $1600 16
John Brown

Ryan
    $1600 22
forbidden

Nick
    $1,000 24
(Ryan: What is Cameroon?)
(Alex: No, what is [*], there are two [*]s.)

Kongo

Ryan
    $2000 13
Eli Roth

Ryan
    $2000 26
divinities

Nick
    $2000 7
Dido

Ryan
    $2000 17
(Booker T.) Washington

Surya
    $2000 25
(Alex: You always respond and turn away, and most of the time you are right, and you are once again.)

dependable

Nick

Scores at the end of the Double Jeopardy! Round:

Ryan Nick Surya
$11,800 $14,600 $8,800

[wagering suggestions for these scores]

Final Jeopardy! Round responses

BIBLICAL KINGS
SuryaWho are David and Saul?
$5,000
RyanWho are Saul and King David?
$1,000
NickWho are Ramsey & David?
$3,801
David & Saul

Final scores:

Ryan Nick Surya
$12,800 $10,799 $13,800

Cumulative scores:

Ryan Nick Surya
$27,600 $30,799 $26,600
1st runner-up: $50,000 Tournament champion: $100,000 + a trophy 2nd runner-up: $26,600

Game dynamics:

Coryat scores:

Ryan Nick Surya
$15,600 $14,600 $8,800
21 R
(including 1 DD),
6 W
(including 2 DDs)
19 R,
1 W
14 R,
2 W

Combined Coryat: $39,000

[game clues] [game scores] [suggest correction]

Game tape date: 2010-01-06
The J! Archive is created by fans, for fans. Scraping, republication, monetization, and malicious use prohibited; this site may use cookies and collect identifying information. See terms. The Jeopardy! game show and all elements thereof, including but not limited to copyright and trademark thereto, are the property of Jeopardy Productions, Inc. and are protected under law. This website is not affiliated with, sponsored by, or operated by Jeopardy Productions, Inc. Join the discussion at JBoard.tv.